000 00379nam a2200169Ia 4500
001 12688
005 20260306163000.0
008 260306t2023||||xx |||||||||||||| ||spa||
041 _aESP
082 _aHR 658
_bN° 54 PI
245 0 _aParque industrial
260 _c2023
300 _a39 páginas :
_c29 cm.
650 _aGEN
654 _aCII
942 _cREV
_dJUS
_fJUS
_2ddc
_n
999 _c12688
_d12688